000 00684nam a2200145Ia 4500
008 220216s9999 xx 000 0 und d
100 _aShafar J M
_cet al
245 0 _aEvaluation of ground basalt as soil amelioration in relation to growth and nutrition of Hevea brasiliensis grown in polybags
260 _bSustainability of the NR Industry: Issues, Challenges & Opportunities: International Rubber Conference, 21-22 November 2016, Cambodian Rubber Research Institute (CRRI) and International Rubber Research and Development Board (IRRDB), Siem Reap, Cambodia, pp.372-389.
650 _aGrowth
650 _aNursery trial
650 _aNutrition
650 _aSoil
942 _cJS
999 _c58933
_d58933